| 000 | 01406nam a2200349 i 4500 | ||
|---|---|---|---|
| 001 | 197642 | ||
| 003 | ES-MaACL | ||
| 005 | 20260216183930.0 | ||
| 008 | 250612b2025 sp ||||| |||| 00| 0 spa d | ||
| 017 |
_aCC 000106-2025 _bOficina Depósito Legal Cáceres |
||
| 020 | _a9791399018172 | ||
| 040 |
_bspa _cES-MaACL |
||
| 100 | 1 |
_aRamos Rubio, José Antonio, _d1963- _eaut _9174430 |
|
| 245 |
_aMemoria y Ciudad : _bArte, arquitectura y culto en el Trujillo de los siglos XIX y XX / _cJosé Antonio Ramos Rubio, Raúl Gómez Ferreira. |
||
| 260 |
_aCáceres : _bTau ediciones, _c2025. |
||
| 300 |
_a438 páginas ; _c23 cm. |
||
| 336 |
_2rdacontent _atexto |
||
| 337 |
_2rdamedia _asin mediación |
||
| 338 |
_2rdacarrier _avolumen |
||
| 650 | 4 |
_910198 _aArte español- _yS.XIX |
|
| 650 | 4 |
_910202 _aArte español- _yS.XX |
|
| 650 | 7 |
_9151010 _aArquitectura española- _yS.XIX |
|
| 650 | 7 |
_9167466 _aArquitectura española- _yS.XX |
|
| 651 | 0 |
_9234057 _aTrujillo (Cáceres)- _xHistoria |
|
| 655 | 7 |
_2tgfbne _aLibros ilustrados _9193653 |
|
| 700 | 1 |
_9236629 _aGómez Ferreira, Raúl _eaut |
|
| 852 |
_aES-MaACL _cDEPOJ _jN-10534 _xEncuadernación rústica con solapas _9206657 _hDonación: Editorial |
||
| 942 |
_cMONOGRAFIA _n0 |
||
| 999 |
_c197642 _d197642 |
||